000 00405nam a22001217a 4500
999 _c8484
_d8484
008 200219b ||||| |||| 00| 0 eng d
020 _a9780199465873
082 _a005.14 CHS
100 _aChauhan, Naresh
245 _aSoftware Testing
_bPrinciples & Practices
_hEnglish
_nPaperback: 560 pages
_pDimensions: 20.3 x 25.4 x 4.7 cm
250 _a2nd
_bDecember 2016
260 _aNew Delhi
_bOXFORD Unviersity Press